00198 a2200085 45000010006000000050017000061000041000232000030000642100018000947623520260408153523.0 a20260408 pory50  aFogo GregofOliver Taplin cGravidad1990